<?xml version="1.0" encoding="UTF-8"?>
<collection xmlns="http://www.loc.gov/MARC21/slim">
 <record>
  <leader>00545nam a22001935a 4500</leader>
  <controlfield tag="001">EHU.bham043127</controlfield>
  <controlfield tag="003">AR-BHAM</controlfield>
  <controlfield tag="005">20150311134629.0</controlfield>
  <controlfield tag="008">130507s1994##################000#0#####d</controlfield>
  <datafield tag="020" ind1=" " ind2=" ">
   <subfield code="a">9681602072</subfield>
  </datafield>
  <datafield tag="082" ind1="M" ind2="8">
   <subfield code="a">863.4</subfield>
  </datafield>
  <datafield tag="100" ind1="1" ind2=" ">
   <subfield code="a">Rulfo, Juan</subfield>
  </datafield>
  <datafield tag="245" ind1="1" ind2="0">
   <subfield code="a">El llano en llamas  /</subfield>
   <subfield code="c"> Juan Rulfo</subfield>
  </datafield>
  <datafield tag="250" ind1=" " ind2=" ">
   <subfield code="a">2a. ed.</subfield>
  </datafield>
  <datafield tag="260" ind1=" " ind2=" ">
   <subfield code="a">México :</subfield>
   <subfield code="b">Fondo de Cultura Económica,</subfield>
   <subfield code="c">1994</subfield>
  </datafield>
  <datafield tag="300" ind1=" " ind2=" ">
   <subfield code="a">191 p.</subfield>
  </datafield>
  <datafield tag="653" ind1=" " ind2=" ">
   <subfield code="a">Literatura mexicana</subfield>
  </datafield>
  <datafield tag="653" ind1=" " ind2=" ">
   <subfield code="a">Novela mexicana</subfield>
  </datafield>
  <datafield tag="859" ind1=" " ind2=" ">
   <subfield code="a">AR-BHAM</subfield>
   <subfield code="b">BIB. HUMANIDADES - General</subfield>
   <subfield code="h">M863.4</subfield>
   <subfield code="i">R861-3</subfield>
   <subfield code="k">M</subfield>
   <subfield code="p">277.09</subfield>
   <subfield code="t">Ej.1</subfield>
  </datafield>
 </record>
</collection>
